00289nam a2200109Ia 4500008004000000082001700040100002100057245003400078260003900112300000800151650002000159210210b1983 xxu||||| |||| 00| 0 eng d a331.137 GHOE aGHOSH (B N), Ed. aEconomics of underemployment. aNDbDeep & Deep Publicationsc1983 a427 aUnderemployment